Statistics for National Parks in the South

Click here to take the quiz!

General Stats

  • This quiz has been taken 6 times
  • The average score is 4 of 7

Answer Stats

HintAnswer% Correct
ArizonaGrand Canyon
100%
TexasBig Bend
75%
ArkansasHot Springs
75%
ArizonaPetrified Forest
75%
New MexicoCarlsbad Caverns
25%
ArizonaSaguaro
25%
TexasGualaupe Mountains
0%

Score Distribution

Percentile by Number Answered

Percent of People with Each Score

Your Score History

You have not taken this quiz